الموسوعة القومية للشخصيات المصرية البارزة / (Record no. 13915)
[ view plain ]
| 000 -الفاتح | |
|---|---|
| حقل البيانات ثابتة الطول | 01052cam a2200277 i 4500 |
| 001 - رقم الضبط | |
| رقم الضبط | 5378436 |
| 003 - محدد رقم الضبط | |
| رقم الضبط | EG-ScBUE |
| 005 - وقت وتاريخ اخر تعامل مع التسجيلة | |
| رقم الضبط | 20240214115626.0 |
| 008 - عناصر البيانات ثابتة الطول - معلومات عامة | |
| حقل البيانات ثابتة الطول | 941102s1992 ua a f e f001 0cara d |
| 035 ## - رقم ضبط النظام | |
| رقم ضبط النظام | (CStRLIN)DCLN94-B981 |
| 040 ## - مصدر الفهرسة | |
| وكالة الفهرسة الأصلية | NjP |
| لغة الفهرسة | eng |
| قواعد الوصف | rda |
| وكالة النسخ | NjP |
| وكالة التعديل | DLC-R |
| -- | DLC |
| -- | EG-ScBUE |
| 043 ## - رمز المنطقة الجغرافية | |
| رمز المنطقة الجغرافية | f-ua--- |
| 082 04 - رقم تصنيف ديوى العشرى | |
| رقم الطبعة | 22 |
| رقم التصنيف | 962.0099 |
| رقم المادة | م و س |
| 110 2# - المدخل الرئيسى - إسم هيئة | |
| اسم الهيئة أو اسم السلطة كمدخل | مصر. |
| وحده ملحقة | وزارة الإعلام. |
| -- | الهيئة العامة للاستعلامات، |
| الدور | مؤلف. |
| 245 02 - بيان العنوان | |
| العنوان | الموسوعة القومية للشخصيات المصرية البارزة / |
| بيان المسئوليه,etc | الهيئة العامة للاستعلامات. |
| 250 ## - بيان الطبعة | |
| بيان الطبعة | الطبعة الثانية. |
| 264 #1 - النشر، التوزيع | |
| مكان الناشر او الموزع | [القاهرة] : |
| اسم الناشر او الموزع | الهيئة العامة للاستعلامات، |
| تاريخ النشر أو التوزيع | 1992. |
| 300 ## - الوصف المادى | |
| التعداد | 2 مجلد : |
| أبعاد الوعاء | 32 سم |
| 336 ## - نوع المحتوى | |
| source | rdacontent |
| Carrier Type Term | نص |
| Content Type Code | txt |
| 337 ## - نوع الوسيط | |
| Media Type Term | بدون وسيط |
| source | rdamedia |
| Media Type Code | n |
| 338 ## - نوع الحامل أو الناقل | |
| Carrier Type Term | مجلد |
| Carrier Type Code | nc |
| source | rdacarrier |
| 500 ## - تبصرة عامة | |
| تبصرة عامة | يشتمل على كشافات. |
| 651 #7 - المدخل الاضافى بالموضوع - اسم جغرافى | |
| الاسم الجغرافي | مصر |
| التقسيم الفرعي الشكلي | تراجم. |
| مصدر الرأس أو المصطلح | BUEsh |
| 655 ## - مصطلح تكشيفى-نوع/شكل | |
| التقسيم الفرعي الشكلي | Reading book |
| 942 ## - عناصر المدخل الإضافي( كوها) | |
| مصدر التصنيف او مخطط الترفيف | Dewey Decimal Classification |
| Koha [default] item type | Reference (NB) |
| حالة التراجع | حالة الفقد | مصدر التصنيف او خطة الترفيف | حالة تلف | ليس للاعارة | مجموعات كوها | المكان الدائم | المكان الحالي | موقع الترفيف | تاريخ الاكتساب | Source of acquisition | رقم الاستدعاء | الباركود | Date last seen | نوع الوعاء | تبصرة عامة |
|---|---|---|---|---|---|---|---|---|---|---|---|---|---|---|---|
| Dewey Decimal Classification | Donation-Gift | Central Library | Central Library | Ground Floor | 19/04/2010 | Donation | 962.0099 م و س | 000020678 | 15/07/2025 | Reference (NB) | Donated by: Alaa Abd El- Ghaney | ||||
| Dewey Decimal Classification | Donation-Gift | Central Library | Central Library | Ground Floor | 19/04/2010 | Donation | 962.0099 م و س | 000020679 | 15/07/2025 | Reference (NB) | Donated by: Alaa Abd El- Ghaney |